[Event "Internet Section 07A g/8'+2\""]
[Site "Dos Hermanas"]
[Date "2004.03.07"]
[Round "9"]
[White "Laplaza, Jorge FN"]
[Black "Gorodetskiy, Ilya"]
[Result "0-1"]
[WhiteElo "2112"]
[BlackElo "2253"]
[PlyCount "84"]
[EventDate "2004.03.07"]
[EventType "swiss (blitz)"]
[EventRounds "9"]
[EventCountry "ESP"]
[SourceTitle "CBM 099 Extra"]
[Source "ChessBase"]
[SourceDate "2004.05.04"]
[SourceVersion "1"]
[SourceVersionDate "2004.05.04"]
[SourceQuality "1"]

1. e4 c5 2. Nf3 d6 3. d4 cxd4 4. Qxd4 Nf6 5. e5 Nc6 6. Bb5 Qa5+ 7. Nc3 Qxb5 8. Nxb5 Nxd4 9. Nfxd4 dxe5 10. Nc7+ Kd7 11. Ndb5 Rb8 12. Bg5 a6 13. 0-0-0+ Kc6 14. c4 axb5 15. Nxb5 e6 16. Rhe1 Nd7 17. Bd8 b6 18. Bc7 Ra8 19. a3 Ba6 20. Bxe5 Nxe5 21. Rxe5 Bxb5 22. cxb5+ Kc7 23. Re4 Rc8 24. Kb1 Be7 25. Ra4 Kb8 26. Rd7 Rc7 27. Rxc7 Kxc7 28. Ra7+ Kd6 29. Rb7 Bd8 30. Rxf7 Bf6 31. b4 Rc8 32. Rb7 Bd4 33. f4 Rc3 34. Rb8 Kd5 35. Rd8+ Kc4 36. Rd6 Re3 37. Kc2 Re2+ 38. Kd1 Rxg2 39. Rxe6 Kd3 40. Re1 Rxh2 41. Rf1 Ra2 42. Rf3+ Be3 0-1

[Event "Oz.com qual blitz"]
[Site "ICC INT"]
[Date "2000.03.05"]
[Round "8"]
[White "Gorodetskiy, Ilya"]
[Black "Pavlovic, Milos"]
[Result "0-1"]
[WhiteElo "2250"]
[BlackElo "2481"]
[PlyCount "90"]
[EventDate "2000.03.05"]
[EventType "swiss (blitz)"]
[EventRounds "9"]
[EventCountry "USA"]
[SourceTitle "EXT 2001"]
[Source "ChessBase"]
[SourceDate "2000.11.22"]
[SourceVersion "1"]
[SourceVersionDate "2000.11.22"]
[SourceQuality "1"]

1. e4 e5 2. Nf3 Nc6 3. Bc4 Nf6 4. d4 exd4 5. 0-0 Bc5 6. e5 d5 7. Bb5 Ne4 8. Nxd4 0-0 9. Bxc6 bxc6 10. c3 f6 11. exf6 Qxf6 12. f3 Nd6 13. Be3 Nc4 14. Bf2 Nxb2 15. Qc2 Nc4 16. Nd2 Nxd2 17. Qxd2 Qg6 18. Kh1 Bd7 19. Nb3 Bd6 20. Bc5 Bf4 21. Be3 Bd6 22. Bc5 a5 23. a4 Rfb8 24. Bxd6 cxd6 25. Nd4 Rb6 26. Rfe1 Rab8 27. Ra2 Rb1 28. Nc2 R8b2 29. Rxb2 Rxb2 30. Re2 Bf5 31. Qe1 h6 32. Ne3 Rb1 33. Nd1 Bc2 34. Rd2 Bxa4 35. h3 Bc2 36. Qe2 Bxd1 37. Rxd1 a4 38. Kh2 a3 39. Rd2 Qf6 40. Rc2 Qe5+ 41. Qxe5 dxe5 42. Ra2 Rb3 43. Kg3 Rxc3 44. Kf2 Rb3 45. Ke1 Rb1+ 0-1